000 00495nam a2200181Ia 4500
003 GCL
008 140319s9999 xx 000 0 eng d
040 _aGCL /
_cGCL
082 0 4 _a538.4
_bO M
100 1 _aORTOLAMI,SERGIO
245 1 0 _aMAGNETOHYDRODYNAMICS OF PLASMA RELANATION /
_cORTOLAMI,SERGIO
700 1 _aSCHNACK, DALTON D
260 _a[S.N] :
_bWONLD SCIENTIFIC ،
_c1993
300 _a187 P
650 0 4 _aPLASMA
650 0 4 _aMAGNETIC HYDRODYNAMIC GENERATOR
942 _2ddc
_cBK
999 _c16048
_d16048